[Event "21st European Teams"]
[Site "Hersonissos GRE"]
[Date "2017.11.03"]
[Round "6.8"]
[Board "3"]
[White "Lopez Martinez, Josep Manuel"]
[Black "Pavasovic, Dusko"]
[Result "1/2-1/2"]
[WhiteTitle "GM"]
[BlackTitle "GM"]
[WhiteElo "2607"]
[BlackElo "2548"]
[WhiteTeam "Spain"]
[BlackTeam "Slovenia"]
[WhiteFideId "2212943"]
[BlackFideId "14600986"]
[EventDate "2017.10.28"]

1. Nf3 d5 2. e3 Nf6 3. c4 e6 4. b3 c5 5. Bb2 Nc6 6. cxd5 exd5 7. Bb5 Bd7 8. O-O
Be7 9. d4 cxd4 10. Bxc6 bxc6 11. exd4 Bf5 12. Ne5 Rc8 13. Nc3 O-O 14. Na4 Nd7
15. Nd3 Bd6 16. Rc1 Re8 17. Re1 Rxe1+ 18. Nxe1 Qh4 19. Nf3 Qh5 20. Ne5 Qxd1+ 21.
Rxd1 Nxe5 22. dxe5 Bf8 23. f3 Be6 24. Rc1 c5 25. Ba3 c4 26. Bxf8 Kxf8 27. bxc4
Bd7 28. Nb2 dxc4 29. Nd1 Rc5 30. f4 g5 31. g3 gxf4 32. gxf4 f6 33. exf6 Kf7 34.
Nc3 Bf5 1/2-1/2

[Event "21st European Teams"]
[Site "Hersonissos GRE"]
[Date "2017.11.03"]
[Round "6.8"]
[Board "4"]
[White "Sebenik, Matej"]
[Black "Korneev, Oleg"]
[Result "1-0"]
[WhiteTitle "GM"]
[BlackTitle "GM"]
[WhiteElo "2534"]
[BlackElo "2557"]
[WhiteTeam "Slovenia"]
[BlackTeam "Spain"]
[WhiteFideId "14602296"]
[BlackFideId "4156803"]
[EventDate "2017.10.28"]

1. d4 d5 2. c4 c6 3. Nc3 Nf6 4. e3 e6 5. Nf3 Nbd7 6. Qc2 Bd6 7. Bd3 O-O 8. O-O
dxc4 9. Bxc4 a6 10. Rd1 b5 11. Bd3 Bb7 12. Ng5 h6 13. Nge4 Be7 14. Rb1 a5 15. a3
Nd5 16. Ng3 b4 17. Na4 N5b6 18. Nxb6 Qxb6 19. e4 c5 20. d5 Ne5 21. Bf4 Nxd3 22.
Qxd3 exd5 23. Nf5 Rfe8 24. exd5 Bf8 25. Qg3 Qg6 26. Qxg6 fxg6 27. Ne3 Red8 28.
Bc7 Rd7 29. d6 Rc8 30. Nc4 a4 31. Ne5 Rdxc7 32. dxc7 Rxc7 33. Rd8 Rc8 34. Rbd1
bxa3 35. bxa3 c4 36. Rxc8 Bxc8 37. Rd8 Bf5 38. g4 Bd3 39. Nd7 Kf7 40. Nxf8 Ke7
41. Rc8 g5 42. f3 1-0

[Event "21st European Teams"]
[Site "Hersonissos GRE"]
[Date "2017.11.03"]
[Round "6.9"]
[Board "1"]
[White "Nyback, Tomi"]
[Black "Markus, Robert"]
[Result "1-0"]
[WhiteTitle "GM"]
[BlackTitle "GM"]
[WhiteElo "2572"]
[BlackElo "2644"]
[WhiteTeam "Finland"]
[BlackTeam "Serbia"]
[WhiteFideId "503142"]
[BlackFideId "921637"]
[EventDate "2017.10.28"]

1. d4 Nf6 2. c4 d6 3. Nc3 Nbd7 4. e4 e5 5. Nf3 g6 6. Be2 Bg7 7. O-O O-O 8. Be3
Qe7 9. dxe5 dxe5 10. Nd5 Qd8 11. Qc2 Nh5 12. g3 c6 13. Nc3 Qe7 14. Rad1 Nhf6 15.
a3 b6 16. b4 Bb7 17. Nd2 a5 18. Rb1 axb4 19. axb4 Rfc8 20. Na4 b5 21. Nc5 Nxc5
22. Bxc5 Qe6 23. Nb3 Ba6 24. Be3 Bf8 25. c5 Rc7 26. Bd2 Rd8 27. Bc3 Bc8 28. Nd2
Ne8 29. Nf3 f6 30. Ne1 Ra7 31. Nd3 Ra2 32. Bb2 Qf7 33. f4 exf4 34. Nxf4 Rd4 35.
Qc3 Rxe4 36. Bd1 Rc4 37. Bb3 Rxc3 38. Bxf7+ Kxf7 39. Bxc3 Ra3 40. Bb2 Ra2 41.
Bd4 Ra4 42. Ra1 Rxb4 43. Ra7+ Kg8 44. Re1 Ng7 45. Rc7 Bf5 46. Bxf6 Bxc5+ 47. Kf1
Ne6 48. Nxe6 Bh3+ 49. Ke2 Bxe6 50. Kd2 1-0

[Event "21st European Teams"]
[Site "Hersonissos GRE"]
[Date "2017.11.03"]
[Round "6.9"]
[Board "2"]
[White "Perunovic, Milos"]
[Black "Karttunen, Mika"]
[Result "1/2-1/2"]
[WhiteTitle "GM"]
[BlackTitle "IM"]
[WhiteElo "2608"]
[BlackElo "2465"]
[WhiteTeam "Serbia"]
[BlackTeam "Finland"]
[WhiteFideId "921629"]
[BlackFideId "502081"]
[EventDate "2017.10.28"]

1. e4 c5 2. Nf3 Nc6 3. Bb5 Nf6 4. Nc3 Qc7 5. d3 a6 6. Bxc6 dxc6 7. Bg5 Bg4 8. h3
Bxf3 9. Qxf3 Nd7 10. O-O e5 11. Qg3 f6 12. Be3 g5 13. h4 Be7 14. Qh3 Qd6 15.
hxg5 fxg5 16. Qh5+ Qg6 17. Qxg6+ hxg6 18. g3 Kf7 19. Kg2 Rh5 20. a4 b6 21. f3
Rah8 22. Rh1 Nf8 23. Rxh5 gxh5 24. Nb1 Ne6 25. Nd2 Bd8 26. Nc4 Bc7 27. Bd2 Re8
28. Bc3 Nf8 29. Rh1 Kg6 30. b3 a5 31. Rf1 Nd7 32. Bd2 Rf8 33. Ne3 Rf7 34. Nf5
Nf8 35. f4 gxf4 36. gxf4 exf4 37. Bxf4 Bxf4 38. Rxf4 Ne6 39. Rf3 Nd4 40. Rg3+
Kf6 41. Nxd4 cxd4 42. Kh3 Ke7 43. Kg2 Kf6 44. Kh3 Ke7 45. Kg2 Kf6 1/2-1/2

[Event "21st European Teams"]
[Site "Hersonissos GRE"]
[Date "2017.11.03"]
[Round "6.9"]
[Board "3"]
[White "Ebeling, Daniel"]
[Black "Indjic, Aleksandar"]
[Result "1/2-1/2"]
[WhiteTitle "IM"]
[BlackTitle "GM"]
[WhiteElo "2465"]
[BlackElo "2591"]
[WhiteTeam "Finland"]
[BlackTeam "Serbia"]
[WhiteFideId "505170"]
[BlackFideId "911925"]
[EventDate "2017.10.28"]

1. e4 c5 2. c3 d5 3. exd5 Qxd5 4. d4 Nf6 5. Nf3 e6 6. Na3 a6 7. Nc4 Nbd7 8. a4
b6 9. Be2 Bb7 10. O-O cxd4 11. Qxd4 Bc5 12. Qxd5 Nxd5 13. Nfe5 Nxe5 14. Nxe5 Bd6
15. Nc4 Bc7 16. Bf3 O-O-O 17. Re1 Rd7 18. g3 Ne7 19. Kg2 Nf5 20. Bf4 Bd5 21.
Bxc7 Kxc7 22. Bxd5 Rxd5 23. Rad1 Rhd8 24. Rxd5 Rxd5 25. Kf3 b5 26. axb5 axb5 27.
Ne3 Nxe3 28. Kxe3 Kb6 29. Ra1 Rd8 30. h4 h5 31. Ke2 f6 32. b3 e5 33. f3 g6 34.
Rd1 Rxd1 35. Kxd1 Kc5 36. Kd2 f5 37. Kd3 Kc6 38. Ke2 Kc5 39. Kd2 Kc6 40. Ke2 Kc5
41. Kd3 Kc6 42. Ke2 Kd5 43. Ke3 Kc6 44. Ke2 1/2-1/2

[Event "21st European Teams"]
[Site "Hersonissos GRE"]
[Date "2017.11.03"]
[Round "6.9"]
[Board "4"]
[White "Sedlak, Nikola"]
[Black "Niemi, Kalle"]
[Result "1-0"]
[WhiteTitle "GM"]
[BlackTitle "FM"]
[WhiteElo "2547"]
[BlackElo "2324"]
[WhiteTeam "Serbia"]
[BlackTeam "Finland"]
[WhiteFideId "922900"]
[BlackFideId "504378"]
[EventDate "2017.10.28"]

1. d4 d5 2. Nf3 Nf6 3. Bf4 e6 4. e3 Bd6 5. Nbd2 O-O 6. c3 b6 7. Ne5 c5 8. Bg5
Ba6 9. Bxf6 gxf6 10. Bxa6 Nxa6 11. Nd3 Kh8 12. Qh5 b5 13. dxc5 Nxc5 14. Nxc5
Bxc5 15. a4 b4 16. c4 f5 17. O-O Qf6 18. Nb3 Bd6 19. cxd5 Rg8 20. g3 Rg5 21. Qf3
e5 22. Nd2 Qh6 23. Rac1 e4 24. Qg2 Rd8 25. Rfd1 Qg6 26. Rc6 Qh5 27. Rdc1 Qe2 28.
Nc4 Rg6 29. Qh3 Qg4 30. Qxg4 fxg4 31. Rd1 f5 32. Rd4 b3 33. Rd1 Kg8 34. Na5 Rg7
35. Nxb3 Be5 36. Nc5 Rd6 37. b4 h5 38. b5 Kf7 39. a5 1-0

[Event "21st European Teams"]
[Site "Hersonissos GRE"]
[Date "2017.11.03"]
[Round "6.10"]
[Board "1"]
[White "Jobava, Baadur"]
[Black "Brunello, Sabino"]
[Result "1-0"]
[WhiteTitle "GM"]
[BlackTitle "GM"]
[WhiteElo "2705"]
[BlackElo "2555"]
[WhiteTeam "Georgia"]
[BlackTeam "Italy"]
[WhiteFideId "13601520"]
[BlackFideId "813613"]
[EventDate "2017.10.28"]

1. b3 Nf6 2. Bb2 g6 3. c4 Bg7 4. g3 O-O 5. Bg2 c5 6. Nf3 d6 7. d4 Nc6 8. d5 Na5
9. Nfd2 a6 10. a4 e6 11. Na3 exd5 12. cxd5 Bd7 13. Ra2 b5 14. O-O bxa4 15. bxa4
Rb8 16. Bc3 Ng4 17. Bxg7 Kxg7 18. Qa1+ Nf6 19. Rb1 Rxb1+ 20. Naxb1 Kg8 21. e4
Ng4 22. Qc3 f5 23. h3 Nf6 24. exf5 Bxf5 25. Rb2 Nd7 26. Bf1 Nf6 27. Bg2 Nd7 28.
Na3 Ne5 29. Bf1 Qf6 30. Qxa5 Bxh3 31. f4 Ng4 32. Bxh3 Qd4+ 33. Kh1 Qxd5+ 34. Bg2
Qh5+ 35. Kg1 Qh2+ 36. Kf1 Qxg3 37. Bd5+ Kh8 38. Ke2 Qe3+ 39. Kd1 Qxa3 40. Kc1
Qe3 41. Rb3 Qe1+ 42. Kb2 Rxf4 43. Qd8+ Kg7 44. Nf3 Qe2+ 45. Ka3 Nf6 46. Ng5 Kh6
47. Nf7+ Kh5 48. Rh3+ Kg4 49. Qc8+ Rf5 50. Bf3+ Qxf3+ 51. Rxf3 Kxf3 52. Nxd6 1-0

[Event "21st European Teams"]
[Site "Hersonissos GRE"]
[Date "2017.11.03"]
[Round "6.10"]
[Board "2"]
[White "Dvirnyy, Danyyil"]
[Black "Pantsulaia, Levan"]
[Result "0-1"]
[WhiteTitle "GM"]
[BlackTitle "GM"]
[WhiteElo "2542"]
[BlackElo "2586"]
[WhiteTeam "Italy"]
[BlackTeam "Georgia"]
[WhiteFideId "817570"]
[BlackFideId "13602071"]
[EventDate "2017.10.28"]

1. d4 Nf6 2. c4 g6 3. g3 c5 4. d5 e6 5. Nc3 exd5 6. cxd5 Bg7 7. Bg2 d6 8. Nf3
O-O 9. O-O Re8 10. Bf4 h6 11. Qc1 g5 12. Bd2 Bf5 13. h4 g4 14. Ne1 Kh7 15. Nc2
a6 16. Ne3 Bg6 17. h5 Nxh5 18. Nxg4 f5 19. Nh2 b5 20. e3 b4 21. Ne2 Qf6 22. a3
Qxb2 23. Qc4 Nd7 0-1

[Event "21st European Teams"]
[Site "Hersonissos GRE"]
[Date "2017.11.03"]
[Round "6.10"]
[Board "3"]
[White "Jojua, Davit"]
[Black "Godena, Michele"]
[Result "1/2-1/2"]
[WhiteTitle "GM"]
[BlackTitle "GM"]
[WhiteElo "2591"]
[BlackElo "2489"]
[WhiteTeam "Georgia"]
[BlackTeam "Italy"]
[WhiteFideId "13602543"]
[BlackFideId "800090"]
[EventDate "2017.10.28"]

1. d4 d5 2. Bf4 Bf5 3. c4 e6 4. Nc3 Nf6 5. Qb3 Nbd7 6. e3 dxc4 7. Bxc4 Nb6 8.
Nf3 Nxc4 9. Qxc4 c6 10. O-O Be7 11. Rfe1 O-O 12. e4 Bg6 13. Ne5 Bh5 14. f3 Nd7
15. Nxd7 Qxd7 16. d5 cxd5 17. exd5 Rac8 18. dxe6 fxe6 19. Qxe6+ Qxe6 20. Rxe6
Bf6 21. Be3 b6 22. Rc1 Rfd8 23. Kf2 Bg6 24. Nb5 Rxc1 25. Bxc1 Rc8 26. Nc3 Bxc3
27. bxc3 Rxc3 28. Bb2 Rc2+ 29. Re2 Rxe2+ 30. Kxe2 Bf7 31. a3 1/2-1/2

[Event "21st European Teams"]
[Site "Hersonissos GRE"]
[Date "2017.11.03"]
[Round "6.10"]
[Board "4"]
[White "Moroni, Luca Jr"]
[Black "Paichadze, Luka"]
[Result "1/2-1/2"]
[WhiteTitle "GM"]
[BlackTitle "GM"]
[WhiteElo "2506"]
[BlackElo "2580"]
[WhiteTeam "Italy"]
[BlackTeam "Georgia"]
[WhiteFideId "865834"]
[BlackFideId "13602934"]
[EventDate "2017.10.28"]

1. c4 Nf6 2. Nc3 e6 3. e4 d5 4. e5 d4 5. exf6 dxc3 6. bxc3 Qxf6 7. d4 b6 8. Be2
Bb7 9. Bf3 Bxf3 10. Nxf3 Bd6 11. Qa4+ c6 12. O-O O-O 13. Re1 Rc8 14. Ng5 Bf8 15.
Ne4 Qd8 16. Bg5 Qd7 17. Qd1 Be7 18. Qh5 Bxg5 19. Qxg5 Qd8 20. Qh5 Qe7 21. f4 Nd7
22. f5 e5 23. dxe5 Qxe5 24. Rad1 Rd8 25. Ng5 Qxf5 26. Rf1 Qc5+ 27. Kh1 Nf8 28.
Qxf7+ Kh8 29. Ne4 Qa3 30. Rxd8 Rxd8 31. h4 h6 32. Nf6 Nh7 33. Nxh7 Kxh7 34. Qc7
Rf8 35. Rxf8 Qxf8 36. Qxc6 Qf4 37. h5 Qh4+ 38. Kg1 Qxh5 39. Qe4+ Qg6 40. Qe7
Qb1+ 41. Kh2 Qxa2 42. Qe4+ Kh8 43. Qe8+ Kh7 44. Qe4+ Kh8 1/2-1/2

[Event "21st European Teams"]
[Site "Hersonissos GRE"]
[Date "2017.11.03"]
[Round "6.11"]
[Board "1"]
[White "Giri, Anish"]
[Black "Navara, David"]
[Result "1/2-1/2"]
[WhiteTitle "GM"]
[BlackTitle "GM"]
[WhiteElo "2762"]
[BlackElo "2726"]
[WhiteTeam "Netherlands"]
[BlackTeam "Czech Republic"]
[WhiteFideId "24116068"]
[BlackFideId "309095"]
[EventDate "2017.10.28"]

1. Nf3 d5 2. g3 Nf6 3. Bg2 g6 4. c4 Bg7 5. d4 O-O 6. cxd5 Nxd5 7. O-O Nb6 8. Nc3
Nc6 9. d5 Na5 10. e4 c6 11. Bf4 Nac4 12. b3 Bxc3 13. bxc4 Bxa1 14. Qxa1 Nxc4 15.
Bh6 f6 16. Bxf8 Qxf8 17. dxc6 bxc6 18. Rc1 Be6 19. Bf1 Nd6 20. Rxc6 Rc8 21. Rxc8
Qxc8 22. e5 Nf7 23. exf6 exf6 24. h4 Kg7 25. Ng5 Nxg5 26. hxg5 Qd8 27. Qb2 Kf7
28. gxf6 Qxf6 29. Qb7+ Qe7 30. Qf3+ Kg8 31. Qa8+ Kg7 32. Qe4 Qd7 33. Qe5+ Kf7
34. Qf4+ Kg8 35. a4 a5 36. Bc4 Bxc4 37. Qxc4+ Qf7 38. Qc8+ Qf8 39. Qe6+ Qf7 40.
Qc8+ Qf8 41. Qc4+ Qf7 42. Qc8+ 1/2-1/2

[Event "21st European Teams"]
[Site "Hersonissos GRE"]
[Date "2017.11.03"]
[Round "6.11"]
[Board "2"]
[White "Laznicka, Viktor"]
[Black "L'Ami, Erwin"]
[Result "1/2-1/2"]
[WhiteTitle "GM"]
[BlackTitle "GM"]
[WhiteElo "2654"]
[BlackElo "2611"]
[WhiteTeam "Czech Republic"]
[BlackTeam "Netherlands"]
[WhiteFideId "316385"]
[BlackFideId "1007998"]
[EventDate "2017.10.28"]

1. Nf3 d5 2. g3 Bg4 3. Bg2 Nd7 4. d3 c6 5. O-O Ngf6 6. c4 dxc4 7. dxc4 Bxf3 8.
exf3 e6 9. f4 Be7 10. Nd2 O-O 11. Nf3 Bc5 12. Qc2 a5 13. b3 a4 14. Bb2 axb3 15.
axb3 Rxa1 16. Bxa1 Qb6 17. Bh3 Re8 18. Rd1 h6 19. Kg2 Bf8 20. Re1 Bb4 21. Rd1
Bf8 22. Re1 Bb4 23. Rd1 Bf8 1/2-1/2

[Event "21st European Teams"]
[Site "Hersonissos GRE"]
[Date "2017.11.03"]
[Round "6.11"]
[Board "3"]
[White "Bok, Benjamin"]
[Black "Hracek, Zbynek"]
[Result "1/2-1/2"]
[WhiteTitle "GM"]
[BlackTitle "GM"]
[WhiteElo "2611"]
[BlackElo "2610"]
[WhiteTeam "Netherlands"]
[BlackTeam "Czech Republic"]
[WhiteFideId "1017063"]
[BlackFideId "300071"]
[EventDate "2017.10.28"]

1. e4 e5 2. Nf3 Nc6 3. Bc4 Bc5 4. O-O Nf6 5. d3 d6 6. c3 a5 7. Re1 h6 8. Nbd2
O-O 9. h3 Bb6 10. Nf1 Be6 11. Bb5 Ne7 12. Ng3 Ng6 13. d4 exd4 14. cxd4 d5 15. e5
Ne4 16. Bd3 Nxg3 17. fxg3 c5 18. Bxg6 fxg6 19. dxc5 Bxc5+ 20. Be3 b6 21. Nd4 Qd7
22. Qd3 Kh7 23. g4 Rac8 24. a4 Bxd4 25. Bxd4 Rf4 26. b3 Rc6 27. Rf1 Re4 28. Rac1
Qc7 29. Rxc6 Qxc6 30. Kh2 Qc7 31. Qd2 Kg8 32. Rf3 Kh7 33. Rc3 Qb7 34. Qf2 g5 35.
Rc1 Rf4 36. Qe3 Re4 37. Qf2 Rf4 38. Qe3 Re4 1/2-1/2

[Event "21st European Teams"]
[Site "Hersonissos GRE"]
[Date "2017.11.03"]
[Round "6.11"]
[Board "4"]
[White "Stocek, Jiri"]
[Black "Van Foreest, Jorden"]
[Result "0-1"]
[WhiteTitle "GM"]
[BlackTitle "GM"]
[WhiteElo "2581"]
[BlackElo "2609"]
[WhiteTeam "Czech Republic"]
[BlackTeam "Netherlands"]
[WhiteFideId "304760"]
[BlackFideId "1039784"]
[EventDate "2017.10.28"]

1. c4 e5 2. Nc3 Nf6 3. Nf3 Nc6 4. e3 Bb4 5. Qc2 Bxc3 6. Qxc3 Qe7 7. Be2 d5 8. d4
exd4 9. Nxd4 Nxd4 10. Qxd4 c5 11. Qh4 Be6 12. b3 dxc4 13. Bxc4 Nd7 14. Qe4 Bxc4
15. Qxc4 Qf6 16. Qe4+ Qe5 17. Qb1 O-O 18. O-O Nf6 19. Bb2 Qe6 20. Rd1 Rfd8 21.
Qc2 b6 22. Rd3 Nd5 23. Qd2 Rd7 24. e4 Nf6 25. Bxf6 Rxd3 26. Qxd3 Qxf6 27. Rd1 g6
28. Qd7 Kf8 29. f3 Qe7 30. Qd3 Rc8 31. h3 Qe5 32. Qd7 Rc7 33. Qb5 Kg7 34. a4 h5
35. Qc4 Kh7 36. Kh1 Qe7 37. Qb5 Qe6 38. Rd5 Qc8 39. a5 Rc6 40. axb6 axb6 41. Qc4
Qe8 42. Qa6 Qe6 43. Qd3 Qf6 44. e5 Qf4 45. Qc4 Qf5 46. Rd6 Rc7 47. Qc3 b5 48.
Rf6 Qd7 49. Rd6 Qf5 50. Rf6 Qd7 51. Rd6 Qe7 52. Rd5 Qe6 53. Rd6 Qe7 54. Rd5 Qe6
55. Rd6 b4 56. Qe3 Qe7 57. Qe4 c4 58. bxc4 Rb7 59. c5 b3 60. c6 Rb5 61. Rd7 Qe6
62. Rb7 Rxb7 63. cxb7 Qb6 64. Qd5 Kg7 65. e6 b2 0-1

[Event "21st European Teams"]
[Site "Hersonissos GRE"]
[Date "2017.11.03"]
[Round "6.12"]
[Board "1"]
[White "Ragger, Markus"]
[Black "Papaioannou, Ioannis"]
[Result "1/2-1/2"]
[WhiteTitle "GM"]
[BlackTitle "GM"]
[WhiteElo "2659"]
[BlackElo "2652"]
[WhiteTeam "Austria"]
[BlackTeam "Greece 1"]
[WhiteFideId "1610856"]
[BlackFideId "4201345"]
[EventDate "2017.10.28"]

1. e4 c5 2. Nf3 e6 3. d4 cxd4 4. Nxd4 Nc6 5. Nc3 Qc7 6. Be3 a6 7. Qf3 Nf6 8.
O-O-O h5 9. h3 Ne5 10. Qe2 Ng6 11. f3 b5 12. Qf2 Bb7 13. Nb3 Rc8 14. Bb6 Qb8 15.
Ba7 Qc7 16. Bb6 Qb8 17. Ba7 Qc7 18. Bb6 1/2-1/2

[Event "21st European Teams"]
[Site "Hersonissos GRE"]
[Date "2017.11.03"]
[Round "6.12"]
[Board "2"]
[White "Banikas, Hristos"]
[Black "Shengelia, David"]
[Result "1-0"]
[WhiteTitle "GM"]
[BlackTitle "GM"]
[WhiteElo "2584"]
[BlackElo "2556"]
[WhiteTeam "Greece 1"]
[BlackTeam "Austria"]
[WhiteFideId "4202031"]
[BlackFideId "13601270"]
[EventDate "2017.10.28"]

1. d4 Nf6 2. c4 e6 3. g3 c5 4. d5 exd5 5. cxd5 d6 6. Nc3 a6 7. Bg2 b5 8. Nf3 g6
9. O-O Bg7 10. Bf4 O-O 11. a3 Re8 12. Re1 h6 13. e4 g5 14. Bxd6 Qxd6 15. e5 Qd8
16. exf6 Rxe1+ 17. Qxe1 Bxf6 18. d6 Bb7 19. Rd1 Nd7 20. h4 Qf8 21. hxg5 hxg5 22.
Nd5 Qxd6 23. Nf4 Qc7 24. Nh5 Bd4 25. Nxd4 cxd4 26. Bxb7 Qxb7 27. Qe7 Qd5 28.
Qxd7 Qf3 29. Qg4 Qxg4 30. Nf6+ Kg7 31. Nxg4 f5 32. Ne5 Re8 33. Nc6 Re2 34. b4
Ra2 35. Rd3 1-0

[Event "21st European Teams"]
[Site "Hersonissos GRE"]
[Date "2017.11.03"]
[Round "6.12"]
[Board "3"]
[White "Dragnev, Valentin"]
[Black "Mastrovasilis, Dimitrios"]
[Result "0-1"]
[WhiteTitle "IM"]
[BlackTitle "GM"]
[WhiteElo "2466"]
[BlackElo "2571"]
[WhiteTeam "Austria"]
[BlackTeam "Greece 1"]
[WhiteFideId "1634852"]
[BlackFideId "4202694"]
[EventDate "2017.10.28"]

1. e4 e5 2. Nf3 Nf6 3. Nxe5 d6 4. Nf3 Nxe4 5. d4 d5 6. Bd3 Nc6 7. O-O Be7 8.
Nbd2 Nd6 9. c3 Bf5 10. Be2 O-O 11. Qb3 Be6 12. Ne5 Nxe5 13. dxe5 d4 14. c4 Nf5
15. Bd3 b6 16. Qc2 Qd7 17. Ne4 f6 18. exf6 Bxf6 19. Bg5 Bd8 20. Bxd8 Raxd8 21.
Ng5 Qe7 22. Nxe6 Qxe6 23. c5 Kh8 24. Rae1 Qd5 25. cxb6 cxb6 26. Qb3 g6 27. Re6
Qxb3 28. axb3 Kg7 29. g3 Rfe8 30. Rxe8 Rxe8 31. Ra1 Re7 32. Kf1 Kf6 33. Rd1 Nd6
34. Rc1 Ke5 35. Re1+ Kf6 36. Rc1 Ke5 37. h4 Kd5 38. Rc2 a5 39. Rc1 Rf7 40. Ke2
Re7+ 41. Kf3 Rf7+ 42. Kg2 Re7 43. h5 g5 44. h6 Nf7 45. Rc8 Nxh6 46. Rd8+ Kc5 47.
Rc8+ Kd5 48. Rh8 Ng4 49. Bxh7 Ne5 50. Bf5 g4 51. Rd8+ Kc5 52. Be4 d3 53. Kf1 Kb4
54. Rd6 Kxb3 55. Rxb6+ Kc2 56. Rd6 a4 57. Rd4 Nf3 58. Rxa4 Rxe4 0-1

[Event "21st European Teams"]
[Site "Hersonissos GRE"]
[Date "2017.11.03"]
[Round "6.12"]
[Board "4"]
[White "Pavlidis, Antonios"]
[Black "Diermair, Andreas"]
[Result "1/2-1/2"]
[WhiteTitle "GM"]
[BlackTitle "IM"]
[WhiteElo "2546"]
[BlackElo "2488"]
[WhiteTeam "Greece 1"]
[BlackTeam "Austria"]
[WhiteFideId "4212312"]
[BlackFideId "1612468"]
[EventDate "2017.10.28"]

1. e4 e5 2. Nf3 Nc6 3. Bb5 a6 4. Ba4 Nf6 5. O-O Be7 6. Re1 b5 7. Bb3 d6 8. c3
O-O 9. h3 Nb8 10. d4 Nbd7 11. c4 c6 12. Nbd2 Bb7 13. a4 Qc7 14. Bc2 Rac8 15. b3
Rfe8 16. Bb2 Bf8 17. Bd3 bxc4 18. Nxc4 exd4 19. Nxd4 g6 20. Nf3 d5 21. exd5
Rxe1+ 22. Qxe1 cxd5 23. Na5 Ba8 24. Rc1 Qd8 25. Rxc8 Qxc8 26. b4 Ne4 27. Bd4 Qb8
28. b5 Ndc5 29. Bf1 axb5 30. axb5 Ne6 31. Nb3 Nxd4 32. Nfxd4 Qb6 33. Bd3 Bb7 34.
Qe3 Nc5 35. Ne2 Qc7 36. Nbd4 Nxd3 37. Qxd3 Bc5 38. Qe3 Qd7 39. Qe5 Bd6 40. Qe3
Bc5 41. Qe5 Bd6 42. Qe3 Bc5 1/2-1/2

[Event "21st European Teams"]
[Site "Hersonissos GRE"]
[Date "2017.11.03"]
[Round "6.13"]
[Board "1"]
[White "Pelletier, Yannick"]
[Black "Nikolaidis, Ioannis"]
[Result "1/2-1/2"]
[WhiteTitle "GM"]
[BlackTitle "GM"]
[WhiteElo "2540"]
[BlackElo "2519"]
[WhiteTeam "Switzerland"]
[BlackTeam "Greece 2"]
[WhiteFideId "1301837"]
[BlackFideId "4202139"]
[EventDate "2017.10.28"]

1. d4 e6 2. c4 Bb4+ 3. Bd2 c5 4. Bxb4 cxb4 5. e3 Ne7 6. Bd3 d5 7. Nd2 Nbc6 8.
Ne2 O-O 9. Nf4 e5 10. dxe5 d4 11. Qh5 g6 12. Qg5 dxe3 13. Ne4 exf2+ 14. Kf1 Nf5
15. Nf6+ Kh8 16. Bxf5 Bxf5 17. N4d5 Nxe5 18. Qh6 g5 19. Qxg5 Qc8 20. Ne3 Nxc4
21. Nxf5 Qxf5 22. Qxf5 Ne3+ 23. Kxf2 Nxf5 24. Rhd1 Rac8 25. Rac1 Kg7 26. Ne4
Rxc1 27. Rxc1 Re8 28. Rc4 a5 29. g4 b5 30. Rc5 Rxe4 31. Rxf5 Rxg4 32. Rxb5 Rc4
33. Rxa5 Rc2+ 34. Kg3 Rxb2 35. h4 h5 36. Kf4 Kg6 37. Rg5+ Kf6 38. Rb5 Kg6 39.
Rg5+ Kh6 40. Rb5 Rg2 41. Kf5 Rf2+ 42. Ke5 f6+ 43. Ke4 Rh2 44. Kf5 Rxh4 45. Rb6
Rc4 46. Rxf6+ Kg7 47. Rb6 h4 48. Rb7+ Kg8 49. Rb8+ Kf7 50. Rb7+ Ke8 51. Ke6 Kd8
52. Rh7 Kc8 53. Kd6 Kb8 54. Ke6 Ka8 1/2-1/2

[Event "21st European Teams"]
[Site "Hersonissos GRE"]
[Date "2017.11.03"]
[Round "6.13"]
[Board "2"]
[White "Kelires, Andreas"]
[Black "Bogner, Sebastian"]
[Result "1/2-1/2"]
[WhiteTitle "GM"]
[BlackTitle "GM"]
[WhiteElo "2510"]
[BlackElo "2599"]
[WhiteTeam "Greece 2"]
[BlackTeam "Switzerland"]
[WhiteFideId "5900727"]
[BlackFideId "4692055"]
[EventDate "2017.10.28"]

1. d4 Nf6 2. Nf3 e6 3. c4 d5 4. g3 Bb4+ 5. Nbd2 O-O 6. Bg2 b6 7. O-O Bb7 8. Ne5
Nbd7 9. Qa4 Bd6 10. cxd5 exd5 11. Ndc4 Bxe5 12. Nxe5 Nxe5 13. dxe5 Nd7 14. f4 f6
15. Qd1 Nc5 16. b4 Ne4 17. Bb2 f5 18. Rc1 Rc8 19. Bxe4 dxe4 20. b5 Qd5 21. Qb3
Qxb3 22. axb3 Bd5 23. Rc3 Rf7 24. Rfc1 Be6 25. Kf2 Rd7 26. Ba3 Rd5 27. Rxc7 Rxc7
28. Rxc7 Rxb5 29. Re7 Rxb3 30. Re8+ Kf7 31. Re7+ Kg8 32. Re8+ Kf7 33. Re7+ Kg8
34. Re8+ 1/2-1/2

[Event "21st European Teams"]
[Site "Hersonissos GRE"]
[Date "2017.11.03"]
[Round "6.13"]
[Board "3"]
[White "Georgiadis, Nico"]
[Black "Mastrovasilis, Athanasios"]
[Result "1/2-1/2"]
[WhiteTitle "GM"]
[BlackTitle "GM"]
[WhiteElo "2516"]
[BlackElo "2488"]
[WhiteTeam "Switzerland"]
[BlackTeam "Greece 2"]
[WhiteFideId "1300113"]
[BlackFideId "4201990"]
[EventDate "2017.10.28"]

1. e4 e5 2. Nf3 Nc6 3. Bb5 Nf6 4. d3 d6 5. c3 Be7 6. O-O O-O 7. Re1 Bd7 8. d4
Nxd4 9. Nxd4 exd4 10. Bxd7 Qxd7 11. cxd4 d5 12. e5 Ne8 13. Nc3 c6 14. Re3 g6 15.
Rh3 f5 16. Bh6 Rf7 17. Qd2 Nc7 18. Ne2 Re8 19. Nf4 Bd8 20. Re1 Ne6 21. Rg3 Bh4
22. Rh3 Bd8 23. Rg3 Bh4 24. Rh3 Bd8 1/2-1/2

[Event "21st European Teams"]
[Site "Hersonissos GRE"]
[Date "2017.11.03"]
[Round "6.13"]
[Board "4"]
[White "Malikentzos, Sotirios"]
[Black "Kurmann, Oliver"]
[Result "1/2-1/2"]
[WhiteTitle "FM"]
[BlackTitle "IM"]
[WhiteElo "2434"]
[BlackElo "2481"]
[WhiteTeam "Greece 2"]
[BlackTeam "Switzerland"]
[WhiteFideId "4215079"]
[BlackFideId "1308173"]
[EventDate "2017.10.28"]

1. Nf3 Nf6 2. c4 c5 3. Nc3 e6 4. g3 b6 5. Bg2 Bb7 6. O-O a6 7. d4 cxd4 8. Qxd4
d6 9. Rd1 Be7 10. Be3 Nbd7 11. Qd2 O-O 12. Bf4 Ne8 13. Rac1 h6 14. b3 Qc7 15. g4
Ndf6 16. g5 hxg5 17. Bxg5 g6 18. Qd4 Kg7 19. Na4 Rb8 20. Be3 Bc6 21. Nc3 Qb7 22.
b4 b5 23. cxb5 axb5 24. Qa7 Qxa7 25. Bxa7 Ra8 26. Bb6 Rb8 27. Ba5 e5 28. Ne1
Bxg2 29. Nxg2 Rh8 30. Ne3 Rh4 31. Ncd5 Nxd5 32. Nxd5 1/2-1/2